| 000 | 01131cam a22003257a 4500 | ||
|---|---|---|---|
| 003 | CHAP | ||
| 005 | 20220329142534.0 | ||
| 008 | 010918d2000 es abd r 00110 spa d | ||
| 010 | _a84676 | ||
| 011 | _a85648 | ||
| 020 | _a848748073X | ||
| 035 | _a96183 | ||
| 040 | _cCHAP | ||
| 082 | 0 | 4 |
_a633.83 _bP4h |
| 100 | 0 | 0 |
_aPérez Bueno, Manuel. _989548 |
| 245 | 1 | 3 |
_aEl azafrán: _bhistoria, cultivo, comercio, gastronomía _c/por Manuel Pérez Bueno |
| 260 |
_aMadrid, Esp. : _bEdiciones Agrotécnicas, _c1995 |
||
| 300 |
_a228 p. : _bilus. ; gráfs. ; mapas ; cuadros |
||
| 590 |
_aBATCH-UPD _b10 _c20130110 _lUCH01 _h1710 |
||
| 590 |
_aBATCH-UPD _b10 _c20130410 _lUCH01 _h1056 |
||
| 590 |
_aBATCH-UPD _b10 _c20130914 _lUCH01 _h0508 |
||
| 590 |
_aCONVERSION _b10 _c20130109 _lUCH01 _h1347 |
||
| 650 | 1 | 4 |
_aAzafrán _xEspaña. _99088 |
| 650 | 1 | 4 |
_aPlantas tintóreas. _989085 |
| 901 | _aBK | ||
| 905 | _aMarco A. Mendoza T. | ||
| 942 | _cLIBRO | ||
| 949 |
_a633.83 P4h _bBC _cLIBRO _d33724000846978 _eLIBRO _fc.2 _gI.c/e _h101979 _i96183 _si _t$391.00 |
||
| 949 |
_a633.83 P4h _bBC _cLIBRO _d33724000854303 _eLIBRO _gI.c/e _h101671 _i96183 _si _t$391.00 |
||
| 999 |
_c84676 _d84676 |
||